Encyclopedia Brown finds the clues / (Record no. 4252)

MARC details
000 -LEADER
fixed length control field 01104cam a22003131 4500
001 - CONTROL NUMBER
control field 4252
003 - CONTROL NUMBER IDENTIFIER
control field FISKH
005 - DATE AND TIME OF LATEST TRANSACTION
control field 20240710140926.0
008 - FIXED-LENGTH DATA ELEMENTS--GENERAL INFORMATION
fixed length control field 781019s1966 tnua j 000 1 eng
010 ## - LIBRARY OF CONGRESS CONTROL NUMBER
LC control number 66006191
020 ## - INTERNATIONAL STANDARD BOOK NUMBER
International Standard Book Number 9780142408902
040 ## - CATALOGING SOURCE
Original cataloging agency DLC
Transcribing agency WPlaU
Modifying agency OCoLC
-- ODaWU
-- OCoLC
-- DLC
Language of cataloging eng
050 00 - LIBRARY OF CONGRESS CALL NUMBER
Classification number PZ7.S68524
082 ## - DEWEY DECIMAL CLASSIFICATION NUMBER
Classification number 813.54
100 1# - MAIN ENTRY--PERSONAL NAME
Personal name Sobol, Donald J.,
Dates associated with a name 1924-2012.
245 10 - TITLE STATEMENT
Title Encyclopedia Brown finds the clues /
Statement of responsibility, etc. by Donald J. Sobol ; illustrated by Leonard Shortall.
260 ## - PUBLICATION, DISTRIBUTION, ETC.
Place of publication, distribution, etc. New York :
Name of publisher, distributor, etc. Puffin Books,
Date of publication, distribution, etc. 1966.
300 ## - PHYSICAL DESCRIPTION
Extent 96 pages :
Other physical details illustrations ;
Dimensions 20 cm
490 ## - SERIES STATEMENT
Series statement Encyclopedia brown
Volume/sequential designation Book 3
505 ## - FORMATTED CONTENTS NOTE
Formatted contents note O<br/>
520 ## - SUMMARY, ETC.
Summary, etc. America's Sherlock Holmes in sneakers continues his war on crime in ten more cases, the solutions to which are found in the back of the book.
521 8# - TARGET AUDIENCE NOTE
Target audience note 630<br/>
Source Lexile <br/>
521 8# - TARGET AUDIENCE NOTE
Target audience note O<br/>
Source Raz-Plus<br/>
650 #0 - SUBJECT ADDED ENTRY--TOPICAL TERM
Topical term or geographic name entry element Detective and mystery stories.
Form subdivision Chapter book
700 1# - ADDED ENTRY--PERSONAL NAME
Personal name Shortall, Leonard.
Relator term illustrator
906 ## - LOCAL DATA ELEMENT F, LDF (RLIN)
a 7
b cbc
c oclcrpl
d u
e ncip
f 19
g y-gencatlg
942 ## - ADDED ENTRY ELEMENTS (KOHA)
Source of classification or shelving scheme Dewey Decimal Classification
Koha item type Books
Suppress in OPAC No
Holdings
Withdrawn status Lost status Source of classification or shelving scheme Damaged status Not for loan Collection Home library Current library Shelving location Date acquired Total Checkouts Full call number Barcode Date last seen Price effective from Koha item type
    Dewey Decimal Classification     Juvenile Fiction Footprints International School Library Network Toul Kork Campus Footprints International School Library Network Toul Kork Campus TK Primary Library Room(4th Floor), Bookcase 3&4, Shelves 17-32, Yellow Books 07/10/2024   SOB 813.54 PZ7.S68524 FISTKG4B030 07/10/2024 07/10/2024 Books